| 000 | 00624cam a2200181 a 4500 | ||
|---|---|---|---|
| 020 | _a047122829X (alk. paper) | ||
| 040 | _cDLC | ||
| 082 | 0 | 0 |
_a328 JOH 2003 A020 Or. _aB |
| 100 | 1 | _aAlexander, Paul, | |
| 245 | 1 | 0 |
_aMan of the people : _bthe life of John McCain / |
| 260 |
_aHoboken, NJ : _bJohn Wiley & Sons, _cc2003. |
||
| 300 |
_axv, 400 p. : _bill. ; _c24 cm. |
||
| 650 | 0 | _aLegislators | |
| 856 | 4 | 2 | _uhttp://www.loc.gov/catdir/bios/wiley044/2002014898.html |
| 856 | 4 | 2 | _uhttp://www.loc.gov/catdir/description/wiley037/2002014898.html |
| 856 | 4 | 1 | _uhttp://www.loc.gov/catdir/toc/wiley031/2002014898.html |
| 942 | _cEK | ||
| 999 |
_c12767 _d12767 |
||